000 00703nam a2200193 a 4500
005 20160316085210.0
008 160316b1996 cb bd fr|||| 00| 0 eng d
040 _aCO-BoIAVH
_cCO-BoIAVH
041 0 _aeng
082 0 4 _a333.75153
_bT25r
245 1 0 _aTeak reforestation project of 1,100 ha at toeuk chha forest reserve kampong cham province
260 _a[s.l.] :
_bITTO,
_c[1994?]
300 _a32 páginas :
_bmapas, tablas ;
_c30 x 21 centímetros
650 6 _aReforestación
_vproyectos
_zCamboya
650 6 _aManejo forestal
_vproyectos
_zCamboya
662 _aCamboya
_cReserva Forestal Toeuk Chha
710 2 _aInternational tropical timber organization
942 _cLIBRO
_2ddc
999 _c1400
_d1400